{"text_format":"3","workbook":"xlsx","n_sheets":2,"sheets":["list","data"],"not_rendered":{"defined_names":8},"read":"whole","date_system":"1900"}

{"sheet":"list","index":0,"n_rows":26,"n_cols":20,"rows_kept":26}
["№","Код участника","Название ОУ","СНИЛС","Фамилия","Имя","Отчество","Пол","Дата рождения","Участник с ОВЗ","Класс","Класс участия","Первичный балл","Добавлено по итогам апелляций","Итоговый балл","Макс. Балл","Статус","Призер регионального / республиканского этапа прошлого года","Учитель","Место работы учителя"]
[1,"472011_19115294465_41","МБОУ \"Кимовская СОШ\" Спасского муниципального района РТ",19115294465,"Шамсутдинов","Арслан","Айратович","м","06.10.2015","нет",4,4,10,null,10,100,"участник",null,"Палагина Наталья Викторовна","МБОУ \"Кимовская СОШ\" Спасского муниципального района РТ\""]
[2,"472013_18669496554_41","МБОУ \"Полянская СОШ\" Спасского муниципального района РТ (Филиал МБОУ \"Полянская СОШ\" в Танкеевка)",18669496554,"Казакова","Мария","Ильинична","ж","04.01.2015","нет",4,4,40,null,40,100,"призер",null,"Мошкова Мария Юрьевна","МБОУ \"Полянская СОШ\"Спасского муниципального района РТ"]
[3,"472013_18941324292_41","МБОУ \"Полянская СОШ\" Спасского муниципального района РТ (Филиал МБОУ \"Полянская СОШ\" в Танкеевка)",18941324292,"Наседкина","Марина","Владимировна","ж","12.06.2015","нет",4,4,20,null,20,100,"участник",null,"Мошкова Мария Юрьевна","МБОУ \"Полянская СОШ\"Спасского муниципального района РТ"]
[4,"472013_18657869248_41","МБОУ \"Полянская СОШ\" Спасского муниципального района РТ (Филиал МБОУ \"Полянская СОШ\" в Танкеевка)",18657869248,"Мошков","Антон","Евгеньевич","ж","16.12.2014","нет",4,4,20,null,20,100,"участник",null,"Мошкова Мария Юрьевна","МБОУ \"Полянская СОШ\"Спасского муниципального района РТ"]
[5,"472014_18554450795_41","МБОУ \"Трехозерская СОШ\" Спасского муниципального района РТ",18554450795,"Амирян","Давид","Рафаелович","м","02.11.2014","нет",4,4,10,null,10,100,"участник",null,"Ашмарина Наталья Геннадьевна","МБОУ \"Трехозерская СОШ\" Спасского МР РТ"]
[6,"472014_19122012723_41","МБОУ \"Трехозерская СОШ\" Спасского муниципального района РТ",19122012723,"Сычева","Варвара","Юрьевна","ж","13.10.2015","нет",4,4,16,null,16,100,"участник",null,"Ашмарина Наталья Геннадьевна","МБОУ \"Трехозерская СОШ\" Спасского МР РТ"]
[7,"474015_18719769742_41","МБОУ \"Иске Рязяпская СОШ\" Спасского муниципального района РТ",18719769742,"Таиров","Амин","Ильдарович","м","21.01.2015","нет",4,4,6,null,6,100,"участник",null,"Миндубаева Резида Минрахимовна","МБОУ\"Иске Рязяпская СОШ Спасского муниципального района РТ\""]
[8,"472008_18058842393_41","МБОУ \"Бураковская СОШ\" Спасского муниципального района РТ\" (Филиал МБОУ \"Бураковская СОШ\" в с. Каюки)",18058842393,"Володин","Светослав","Евгеньевич","м","04.03.2014","нет",5,5,20,null,20,100,"участник",null,"Иванова Марина Владимировна","МБОУ \"Бураковская СОШ\" Спасского муниципального района РТ"]
[9,"472011_18769708146_41","МБОУ \"Кимовская СОШ\" Спасского муниципального района РТ",18769708146,"Зайцева","Елизавета","Юрьевна","ж","09.02.2015","нет",5,5,7,null,7,100,"участник",null,"Филиппова Елена Александровна","МБОУ \"Кимовская СОШ\" Спасского муниципального района РТ\""]
[10,"472013_18931575412_41","МБОУ \"Полянская СОШ\" Спасского муниципального района РТ (Филиал МБОУ \"Полянская СОШ\" в Танкеевка)",18931575412,"Дремлюгин","Никита","Артемович","м","02.06.2015","нет",5,5,12,null,12,100,"участник",null,"Козлова Лариса Николаевна","МБОУ \"Полянская СОШ\"Спасского муниципального района РТ"]
[11,"472013_18739376331_41","МБОУ \"Полянская СОШ\" Спасского муниципального района РТ (Филиал МБОУ \"Полянская СОШ\" в Танкеевка)",18739376331,"Фомин","Серафим","Владимирович","м","24.01.2015","нет",5,5,20,null,20,100,"участник",null,"Козлова Лариса Николаевна","МБОУ \"Полянская СОШ\"Спасского муниципального района РТ"]
[12,"472013_18327425981_41","МБОУ \"Полянская СОШ\" Спасского муниципального района РТ (Филиал МБОУ \"Полянская СОШ\" в Танкеевка)",18327425981,"Левагин","Илья","Михайлович","м","02.08.2014","нет",5,5,10,null,10,100,"участник",null,"Козлова Лариса Николаевна","МБОУ \"Полянская СОШ\"Спасского муниципального района РТ"]
[13,"472014_20874245974_41","МБОУ \"Трехозерская СОШ\" Спасского муниципального района РТ",20874245974,"Сиянов","Дмитрий","Романович","м","14.07.2014","нет",5,5,27,null,27,100,"участник",null,"Лешева Алсу Мансуровна","МБОУ \"Трехозерская СОШ\" Спасского МР РТ"]
[14,"474015_17968579061_41","МБОУ \"Иске Рязяпская СОШ\" Спасского муниципального района РТ",17968579061,"Замалетдинов","Рифат","Ильназович","м","08.08.2014","нет",5,5,20,null,20,100,"участник",null,"Хамидуллина Равиля Мингараевна","МБОУ\"Иске Рязяпская СОШ Спасского муниципального района РТ\""]
[15,"471001_17829293522_41","МБОУ \"Болгарская СОШ №1 с углубленным изучением отдельных предметов\" Спасского муниципального района РТ",17829293522,"Бакашова","Мария","Александровна","ж","12.09.2013","нет",6,6,5,null,5,100,"участник",null,"Шмелева Анна Павловна","МБОУ \"Болгарская СОШ №1 с углубленным изучением отдельных предметов\" Спасского муниципального района Республики Татарстан"]
[16,"471001_17697847456_41","МБОУ \"Болгарская СОШ №1 с углубленным изучением отдельных предметов\" Спасского муниципального района РТ",17697847456,"Исламов","Тимур","Ренатович","м","24.05.2013","нет",6,6,5,null,5,100,"участник",null,"Шмелева Анна Павловна","МБОУ \"Болгарская СОШ №1 с углубленным изучением отдельных предметов\" Спасского муниципального района Республики Татарстан"]
[17,"471002_17606470376_41","МБОУ \"Болгарская СОШ №2\" Спасского муниципального района РТ",17606470376,"Никифоров","Севастьян","Дмитриевич","м","22.03.2013","нет",6,6,7,null,7,100,"участник",null,"Егорова Ольга Николаевна","МБОУ \"Болгарская СОШ №2\" Спасского муниципального района РТ"]
[18,"471003_17670995121_41","ГБОУ \"Болгарская кадетская школа-интернат имени Карпова\"",17670995121,"Аверьянова","Александра","Сергеевна","ж","17.05.2013","нет",6,6,17,null,17,100,"участник",null,"Романова Виктория Валерьевна","ГБОУ \"Болгарская кадетская школа-интернат\""]
[19,"471003_17830980098_41","ГБОУ \"Болгарская кадетская школа-интернат имени Карпова\"",17830980098,"Зайцева","Анна","Владимировна","ж","10.09.2013","нет",6,6,8,null,8,100,"участник",null,"Романова Виктория Валерьевна","ГБОУ \"Болгарская кадетская школа-интернат\""]
[20,"471003_18842313689_41","ГБОУ \"Болгарская кадетская школа-интернат имени Карпова\"",18842313689,"Шарафутдинов","Амир","Радикович","м","08.02.2013","нет",6,6,12,null,12,100,"участник",null,"Романова Виктория Валерьевна","ГБОУ \"Болгарская кадетская школа-интернат\""]
[21,"471003_17895345133_41","ГБОУ \"Болгарская кадетская школа-интернат имени Карпова\"",17895345133,"Шарафутдинов","Дамир","Радикович","м","09.02.2013","нет",6,6,20,null,20,100,"участник",null,"Романова Виктория Валерьевна","ГБОУ \"Болгарская кадетская школа-интернат\""]
[22,"472008_18370318874_41","МБОУ \"Бураковская СОШ\" Спасского муниципального района РТ\" (Филиал МБОУ \"Бураковская СОШ\" в с. Каюки)",18370318874,"Сафин","Тимур","Русланович","м","27.11.2013","нет",6,6,2,null,2,100,"участник",null,"Киселева Татьяна Алексеевна","МБОУ \"Бураковская СОШ\""]
[23,"472014_17837058609_41","МБОУ \"Трехозерская СОШ\" Спасского муниципального района РТ",17837058609,"Борискин","Семен","Евгеньевич","м","18.08.2013","нет",6,6,20,null,20,100,"участник",null,"Лешева Алсу Мансуровна","МБОУ \"Трехозерская СОШ\" Спасского МР РТ"]
[24,"474015_17685169523_41","МБОУ \"Иске Рязяпская СОШ\" Спасского муниципального района РТ",17685169523,"Ибрагимова","Камила","Ильдусовна","ж","26.05.2013","нет",6,6,14,null,14,100,"участник",null,"Нургаязова Альфия Гаммаровна","МБОУ\"Иске Рязяпская СОШ Спасского муниципального района РТ\""]
[25,"471001_","МБОУ \"Болгарская СОШ №1 с углубленным изучением отдельных предметов\" Спасского муниципального района РТ",17693052902,"Кузьмина","Ульяна","Алексеевна","ж","2013-06-03","нет",6,6,11,null,11,100,"участник",null,"Слепнева  Н.А.","МБОУ \"Болгарская СОШ №1 с углубленным изучением отдельных предметов\" Спасского муниципального района РТ"]

{"sheet":"data","index":1,"n_rows":25,"n_cols":10,"rows_kept":25}
[{"$nulls":6},"1 - Техника, технология и техническое творчество","2 - Культура дома, дизайн и технологии","3 - Робототехника","4 - Информационная безопасность"]
["1 - Техника, технологии и техническое творчество","1.1  Практика по ручной деревообработке",{"$nulls":4},"1.1 Практика по ручной деревообработке","2.1 Ручная обработка швейного изделия или узла","3.1 Робототехника","4.1 Не предусмотрена"]
["2 - Культура дома, дизайн и технологии","1.2 Практика по механической деревообработке",{"$nulls":4},"1.2 Практика по механической деревообработке","2.2 Механическая обработка швейного изделия или узла + Моделирование"]
["3 - Робототехника","1.3 Практика по ручной металлообработке",{"$nulls":4},"1.3 Практика по ручной металлообработке","2.3 Обработка швейного изделия или узла на швейно-вышивальном оборудовании + Моделирование"]
["4 - Информационная безопасность","1.4 Практика по механической металлообработке",{"$nulls":4},"1.4 Практика по механической металлообработке","2.4 3D-моделирование и печать"]
[null,"1.5 Электрорадиотехника",{"$nulls":4},"1.5 Электрорадиотехника","2.5 Практика по работе на лазерно-гравировальном станке"]
[null,"1.6 3D-моделирование и печать",{"$nulls":4},"1.6 3D-моделирование и печать","2.6 Промышленный дизайн"]
[null,"1.7 Практика по работе на лазерно-гравировальном станке",{"$nulls":4},"1.7 Практика по работе на лазерно-гравировальном станке"]
[null,"1.8 Промышленный дизайн",{"$nulls":4},"1.8 Промышленный дизайн"]
[null,"2.1 Ручная обработка швейного изделия или узла"]
[null,"2.2 Механическая обработка швейного изделия или узла + Моделирование"]
[null,"2.3 Обработка швейного изделия или узла на швейно-вышивальном оборудовании + Моделирование"]
[null,"2.4 3D-моделирование и печать"]
[null,"2.5 Практика по работе на лазерно-гравировальном станке"]
[null,"2.6 Промышленный дизайн"]
[null,"3.1 Робототехника"]
[null,"4.1 Не предусмотрена"]
[]
[]
[]
[]
[]
["участник"]
["призер",null,"да","да",null,"м"]
["победитель",null,null,"нет",null,"ж"]